| 000 | 00525nmm a2200169Ia 4500 | ||
|---|---|---|---|
| 008 | 251105s9999||||xx |||||||||||||||||und|| | ||
| 020 | _a9788446044635 | ||
| 041 | _aspa | ||
| 100 | _aPeiró Martín, Ignacio | ||
| 245 | 0 | _aEn los altares de la patria: la construcción de la cultura nacional española | |
| 264 |
_a[Madrid, España] : _bAkal, _c2017 |
||
| 300 | _a352 páginas | ||
| 490 | _aUniversitaria | ||
| 650 | _aHistory of Europe: Spain | ||
| 856 | _uhttps://public.digitaliapublishing.com/a/50916 | ||
| 942 | _cCF | ||
| 999 |
_c83098 _d83098 |
||